[Event "chess.com SpeedChess Q2Sw"]
[Site "chess.com INT"]
[Date "2022.11.12"]
[Round "6"]
[White "Peyrer, Konstantin"]
[Black "Harsha, Bharathakoti"]
[Result "0-1"]
[WhiteTitle "FM"]
[BlackTitle "GM"]
[WhiteElo "2393"]
[BlackElo "2582"]
[WhiteFideId "1640879"]
[BlackFideId "5078776"]
[EventDate "2022.11.12"]

1. e4 c5 2. Nf3 e6 3. d4 cxd4 4. Nxd4 a6 5. c4 Nf6 6. Nc3 Qc7 7. a3 b6 8. Be2
Bb7 9. Qd3 d6 10. f4 Nbd7 11. b4 Be7 12. Be3 O-O 13. O-O Rfe8 14. g4 e5 15. Nf5
exf4 16. Bxf4 Ne5 17. Bxe5 dxe5 18. g5 Nd7 19. Nd5 Bxd5 20. cxd5 Bxg5 21. Qg3
Qd8 22. h4 Bf6 23. Rac1 Kh8 24. Rc6 a5 25. Nd6 Rf8 26. Qh3 axb4 27. axb4 Qe7 28.
h5 Ra2 29. Bc4 Raa8 30. h6 g6 31. Kh1 Bg5 32. Qh2 Bf4 33. Rxf4 exf4 34. Qxf4 Ne5
35. Rc7 Qxd6 36. Rd7 Ra1+ 0-1

[Event "chess.com SpeedChess Q2Sw"]
[Site "chess.com INT"]
[Date "2022.11.12"]
[Round "6"]
[White "Grandelius, Nils"]
[Black "Sarana, Alexey"]
[Result "0-1"]
[WhiteTitle "GM"]
[BlackTitle "GM"]
[WhiteElo "2657"]
[BlackElo "2668"]
[WhiteFideId "1710400"]
[BlackFideId "24133795"]
[EventDate "2022.11.12"]

1. Nf3 d5 2. e3 Nf6 3. c4 e6 4. b3 Bd6 5. Bb2 O-O 6. Nc3 Re8 7. Rc1 a6 8. d4 b6
9. cxd5 exd5 10. Bd3 Nbd7 11. O-O Bb7 12. Re1 Ne4 13. Ne2 Qf6 14. Ng3 Qe6 15.
Qc2 f5 16. Ne5 g6 17. Ne2 Rac8 18. Nf4 Qe7 19. Nc6 Qg5 20. Nxd5 Bxc6 21. Bxe4
Rxe4 22. Qxc6 Nf8 23. g3 b5 24. Qxa6 Rd8 25. Nf4 h5 26. Qxb5 h4 27. Qc4+ Kg7 28.
Qf1 hxg3 29. hxg3 Rd7 30. d5+ Kg8 31. Rc4 Re8 32. Ne6 Nxe6 33. dxe6 Rh7 34. Qg2
Rxe6 35. Rd1 Kf7 36. Rh4 Rxh4 37. gxh4 Qxh4 38. Rd4 f4 39. Bc1 Qh5 40. Re4 f3
41. Qg4 Rxe4 42. Qxe4 Qh2+ 43. Kf1 Qh1# 0-1

[Event "chess.com SpeedChess Q2Sw"]
[Site "chess.com INT"]
[Date "2022.11.12"]
[Round "6"]
[White "Harshavardhan, G B"]
[Black "Shimanov, Aleksandr"]
[Result "1-0"]
[WhiteTitle "IM"]
[BlackTitle "GM"]
[WhiteElo "2426"]
[BlackElo "2581"]
[WhiteFideId "25059009"]
[BlackFideId "4198603"]
[EventDate "2022.11.12"]

1. d4 Nf6 2. c4 g6 3. Nc3 Bg7 4. e4 d6 5. Nf3 O-O 6. Be2 e5 7. d5 a5 8. Bg5 h6
9. Be3 Na6 10. Nd2 Nd7 11. h4 f5 12. exf5 gxf5 13. f3 Ndc5 14. a3 Bd7 15. Qc2
Qe7 16. O-O-O Nb4 17. axb4 axb4 18. Ncb1 e4 19. fxe4 Ra2 20. Bxc5 dxc5 21. Bd3
Ba4 22. Nb3 Qe5 23. Rd2 fxe4 24. Bxe4 Rxb2 25. Qxb2 Qxe4 26. Qc2 Qf4 27. Qd3 Re8
28. Rf1 Qxh4 29. g3 Qg5 30. Rf4 Re1+ 31. Rd1 Qe5 32. Qc2 Re3 33. Rd3 Re1+ 34.
Rd1 Qe3+ 35. N1d2 Re2 36. Re4 Qf3 37. Nxf3 1-0

[Event "chess.com SpeedChess Q2Sw"]
[Site "chess.com INT"]
[Date "2022.11.12"]
[Round "6"]
[White "Duda, Jan-Krzysztof"]
[Black "Nyzhnyk, Illya"]
[Result "1-0"]
[WhiteTitle "GM"]
[BlackTitle "GM"]
[WhiteElo "2731"]
[BlackElo "2687"]
[WhiteFideId "1170546"]
[BlackFideId "14118084"]
[EventDate "2022.11.12"]

1. d4 d5 2. c4 c6 3. Nf3 Nf6 4. e3 Bf5 5. Nc3 e6 6. Nh4 Be4 7. f3 Bg6 8. Nxg6
hxg6 9. g3 Be7 10. Kf2 Nbd7 11. Kg2 a6 12. b3 c5 13. cxd5 Nxd5 14. Nxd5 exd5 15.
h4 Rc8 16. Be2 Bf6 17. Bb2 Qe7 18. Qd2 O-O 19. h5 g5 20. Rae1 Rfe8 21. Bd3 Qe6
22. g4 Qd6 23. Ba3 b6 24. Bb1 Nf8 25. Rd1 Red8 26. Rhe1 Qc6 27. Bf5 Rc7 28. Rc1
c4 29. bxc4 dxc4 30. Red1 Qa4 31. Qb4 Qxb4 32. Bxb4 Be7 33. a3 a5 34. Bxe7 Rxe7
35. Kf2 Rc7 36. a4 g6 37. hxg6 fxg6 38. Bc2 c3 39. Rb1 Rd6 40. Rb5 Kg7 41. Rxg5
Rc4 42. Ke2 Nh7 43. Rb5 Nf6 44. g5 Nd5 45. Rxd5 Rxd5 46. Bb3 c2 47. Rc1 1-0

[Event "chess.com SpeedChess Q2Sw"]
[Site "chess.com INT"]
[Date "2022.11.12"]
[Round "6"]
[White "Martinez Alcantara, Jose Eduardo"]
[Black "Drygalov, Sergey"]
[Result "1-0"]
[WhiteTitle "GM"]
[BlackTitle "GM"]
[WhiteElo "2597"]
[BlackElo "2547"]
[WhiteFideId "3805662"]
[BlackFideId "24171743"]
[EventDate "2022.11.12"]

1. e4 c5 2. Nf3 d6 3. c3 Nf6 4. h3 Nc6 5. Bd3 d5 6. e5 Nd7 7. Bb5 e6 8. d4 Be7
9. O-O a6 10. Ba4 b5 11. Bc2 Bb7 12. a3 g5 13. b4 cxd4 14. cxd4 h5 15. Be3 Nb6
16. Nbd2 Rc8 17. Ne1 Nc4 18. Nd3 a5 19. Nc5 Ba8 20. Nxc4 dxc4 21. Nxe6 fxe6 22.
Bg6+ Kd7 23. d5 Nxe5 24. dxe6+ Kc7 25. Qe2 Qd5 26. f4 Nxg6 27. Rad1 Qxe6 28. f5
Qe4 29. fxg6 Rcd8 30. Rde1 Rd3 31. Qf2 Qxg6 32. Bc5 Bxc5 33. Qxc5+ Bc6 34. Re7+
Rd7 35. Qa7+ Kd8 36. Rxd7+ Bxd7 37. Qb8+ Bc8 38. Rd1+ Ke7 39. Qe5+ Qe6 40. Qg7+
Qf7 41. Qxh8 g4 42. Qd8+ Ke6 43. Qxc8+ 1-0

[Event "chess.com SpeedChess Q2Sw"]
[Site "chess.com INT"]
[Date "2022.11.12"]
[Round "6"]
[White "Artemiev, Vladislav"]
[Black "Salem, A.R. Saleh"]
[Result "0-1"]
[WhiteTitle "GM"]
[BlackTitle "GM"]
[WhiteElo "2701"]
[BlackElo "2677"]
[WhiteFideId "24101605"]
[BlackFideId "9301348"]
[EventDate "2022.11.12"]

1. Nf3 d5 2. e3 c5 3. b3 a6 4. Bb2 Nc6 5. d4 Nf6 6. Be2 cxd4 7. Nxd4 Qc7 8. O-O
e5 9. Nxc6 bxc6 10. c4 Bd6 11. Qc1 Qd7 12. Ba3 O-O 13. Bxd6 Qxd6 14. cxd5 cxd5
15. Qa3 Qe6 16. Nc3 Rd8 17. Rfd1 h5 18. Qa5 Bb7 19. Na4 Rd6 20. Nc5 Qe7 21. Rac1
Bc8 22. Qa3 Bg4 23. Bxg4 hxg4 24. Nb7 Rd7 25. Qxe7 Rxe7 26. Na5 Rd7 27. Nc6 Re8
28. Rc5 Rc7 29. b4 Ne4 30. Rcc1 Re6 31. Na5 Nc3 32. Kf1 Nxd1 33. Rxc7 Rf6 34.
Ke2 Nxf2 35. Nc6 Ne4 36. Nxe5 Rf2+ 37. Ke1 f5 38. Rc8+ Kh7 39. Rd8 Rxg2 40. Rxd5
Rxh2 41. Nd3 g6 42. Rd7+ Kh6 43. Ne5 g3 44. Kf1 Rf2+ 45. Kg1 Ng5 46. Nf7+ Nxf7
47. Rxf7 Rxa2 48. Rf6 Kg5 49. Re6 Kg4 0-1

[Event "chess.com SpeedChess Q2Sw"]
[Site "chess.com INT"]
[Date "2022.11.12"]
[Round "6"]
[White "Bok, Benjamin"]
[Black "Bortnyk, Olexandr"]
[Result "1-0"]
[WhiteTitle "GM"]
[BlackTitle "GM"]
[WhiteElo "2618"]
[BlackElo "2604"]
[WhiteFideId "1017063"]
[BlackFideId "14120828"]
[EventDate "2022.11.12"]

1. d4 d6 2. e4 Nf6 3. Nc3 Nbd7 4. Nf3 e5 5. Bc4 Be7 6. a4 c6 7. O-O h6 8. Re1
Qc7 9. a5 Nf8 10. d5 Ng6 11. h3 O-O 12. Be3 Kh7 13. Qd3 c5 14. Reb1 Nh5 15. b4
cxb4 16. Nb5 Qd8 17. Bxa7 f5 18. Bb6 Qe8 19. Nc7 Qf7 20. Nxa8 fxe4 21. Qxe4 Bf5
22. Qe3 Ngf4 23. Nc7 Qg6 24. Bf1 Bxh3 25. Ne1 Bh4 26. Bd3 Bxf2+ 27. Qxf2 Nxd3
28. Qxf8 Nxe1 29. Qf2 Bxg2 30. Rxe1 Nf4 31. Re3 Be4+ 32. Kf1 Bxc2 33. Ne6 Bd3+
34. Rxd3 Qxd3+ 35. Ke1 Qe4+ 36. Kd2 Qxd5+ 37. Nd4 b3 38. Rg1 b2 39. Qg3 g5 40.
Qb3 Qe4 41. Qc2 Qg6 42. Qxg6+ Kxg6 43. Nb5 d5 44. Nd6 h5 45. Nxb7 h4 46. a6 h3
47. a7 h2 48. Rb1 g4 49. a8=Q g3 50. Qg8+ 1-0

[Event "chess.com SpeedChess Q2Sw"]
[Site "chess.com INT"]
[Date "2022.11.12"]
[Round "6"]
[White "Tologon tegin, Semetei"]
[Black "Guo, Yu Han"]
[Result "1-0"]
[WhiteTitle "IM"]
[BlackTitle "WFM"]
[WhiteElo "2382"]
[BlackElo "1923"]
[WhiteFideId "13800574"]
[BlackFideId "2623870"]
[EventDate "2022.11.12"]

1. d4 d5 2. c4 e6 3. Nc3 Be7 4. cxd5 exd5 5. Bf4 Nf6 6. e3 c6 7. Bd3 O-O 8. h3
Nbd7 9. Nf3 Re8 10. O-O Nf8 11. Ne5 Bd6 12. Bg3 Qb6 13. Rb1 Bxe5 14. Bxe5 Qd8
15. b4 a6 16. a4 b5 17. Qc2 N6d7 18. Bg3 Nb6 19. axb5 axb5 20. Ra1 Bb7 21. Rxa8
Qxa8 22. e4 dxe4 23. Nxe4 Nd5 24. Bd6 Ne6 25. Nc5 g6 26. Nxe6 Rxe6 27. Bc5 Qa3
28. Rb1 Qc3 29. Qd1 Nf4 30. Bf1 Rf6 31. Ra1 Re6 32. Ra7 Bc8 33. Ra8 Re8 34. Qf3
Qxf3 35. gxf3 Ne6 36. h4 Bd7 37. Ra7 Nxc5 38. dxc5 Be6 39. f4 Bd5 40. Bg2 Rd8
41. Bxd5 Rxd5 42. Rc7 Rd4 43. Rxc6 Rxb4 44. Rc8+ Kg7 45. c6 Rxf4 46. Rb8 Rc4 47.
Rb6 Rxc6 48. Rxc6 h5 49. Rb6 1-0

[Event "chess.com SpeedChess Q2Sw"]
[Site "chess.com INT"]
[Date "2022.11.12"]
[Round "6"]
[White "Terry, Renato"]
[Black "Korchmar, Vasiliy"]
[Result "1-0"]
[WhiteTitle "IM"]
[BlackTitle "IM"]
[WhiteElo "2516"]
[BlackElo "2438"]
[WhiteFideId "3803457"]
[BlackFideId "24131750"]
[EventDate "2022.11.12"]

1. Nf3 d5 2. b3 Bg4 3. Bb2 Nf6 4. d3 Nbd7 5. Nbd2 e6 6. h3 Bh5 7. g4 Bg6 8. Nh4
Bd6 9. Bg2 a5 10. a3 a4 11. b4 c5 12. b5 Qa5 13. Nxg6 hxg6 14. c4 dxc4 15. dxc4
Be5 16. Qc2 O-O-O 17. O-O-O Bxb2+ 18. Qxb2 Nb6 19. g5 Ne8 20. Qc2 Nd6 21. e3 Rd7
22. Bf3 Rhd8 23. Be2 Nf5 24. Ne4 Rxd1+ 25. Rxd1 Rxd1+ 26. Kxd1 Nd7 27. Qb2 Qc7
28. Qc2 Nb6 29. Ke1 Qe5 30. Qd3 Qa1+ 31. Bd1 Qa2 32. Nxc5 Qxc4 33. Qxc4 Nxc4 34.
Bxa4 Nxa3 35. Kd2 Nc4+ 36. Kc3 Ncd6 37. Kb4 Nh4 38. Nd3 Nf3 39. b6 Nxg5 40. Kc5
Nde4+ 41. Kd4 Nxf2 42. Nxf2 f6 43. e4 e5+ 44. Kd5 Nf7 45. Ke6 Ng5+ 46. Ke7 f5
47. Bc2 f4 48. Kd6 Nf7+ 49. Ke6 1-0

[Event "chess.com SpeedChess Q2Sw"]
[Site "chess.com INT"]
[Date "2022.11.12"]
[Round "6"]
[White "Veiga, Jose Francisco R P Neves"]
[Black "Stoyanov, Tsvetan"]
[Result "1/2-1/2"]
[WhiteTitle "IM"]
[BlackTitle "IM"]
[WhiteElo "2393"]
[BlackElo "2456"]
[WhiteFideId "1930087"]
[BlackFideId "2917173"]
[EventDate "2022.11.12"]

1. Nf3 d5 2. c4 e6 3. b3 Nf6 4. Bb2 Be7 5. e3 O-O 6. Be2 b6 7. cxd5 exd5 8. O-O
Bb7 9. d4 Nbd7 10. Nc3 Ne4 11. Bd3 f5 12. Ne2 Bd6 13. Ne5 Qe7 14. Nxd7 Qxd7 15.
Ng3 Rae8 16. a4 Re6 17. Ba3 Rh6 18. Bxd6 Qxd6 19. Bxe4 dxe4 20. Qc2 Bd5 21. Rfc1
c6 22. a5 Qe7 23. axb6 axb6 24. Ra6 Qb4 25. Qc3 Qb5 26. Ra4 g5 27. Rb4 Qa6 28.
Ra1 Qb7 29. Nf1 Qc7 30. Ra6 f4 31. Raxb6 Rhf6 32. Rb7 Qd6 33. Ra4 fxe3 34. Nxe3
Rxf2 35. Raa7 R2f7 36. Rxf7 Rxf7 37. Rxf7 Kxf7 38. b4 Kg6 39. Qc5 Qf4 40. Qc3
Qf7 41. Ng4 Qf4 42. Ne3 Qf7 43. h3 h5 44. Qc5 Qf4 45. Nxd5 cxd5 46. Qc6+ Kh7 47.
Qd7+ Kg6 48. Qe6+ Kh7 49. Qe7+ Kg6 50. Qe6+ Kh7 51. Qxd5 Qe3+ 52. Kh1 Qc1+ 53.
Kh2 Qf4+ 54. Kg1 Qe3+ 55. Kh1 Qc1+ 56. Kh2 Qf4+ 57. Kg1 1/2-1/2

[Event "chess.com SpeedChess Q2Sw"]
[Site "chess.com INT"]
[Date "2022.11.12"]
[Round "6"]
[White "Liyanage, Ranindu Dilshan"]
[Black "Molenda, Marcin"]
[Result "0-1"]
[WhiteTitle "FM"]
[BlackTitle "FM"]
[WhiteElo "2331"]
[BlackElo "2381"]
[WhiteFideId "9915834"]
[BlackFideId "1173065"]
[EventDate "2022.11.12"]

1. d4 Nf6 2. c4 e6 3. Nf3 d5 4. g3 dxc4 5. Bg2 a6 6. Ne5 Bb4+ 7. Nc3 Nd5 8. O-O
b5 9. Qc2 O-O 10. Be4 f5 11. Bg2 Bb7 12. a4 Bxc3 13. bxc3 Nd7 14. f4 Nxe5 15.
fxe5 Qd7 16. Ba3 Rfe8 17. Qd2 Rab8 18. e4 Nb6 19. axb5 axb5 20. exf5 exf5 21.
Bxb7 Rxb7 22. Bc5 Nd5 23. Rf3 f4 24. Raf1 Qg4 25. Qg2 c6 26. gxf4 Qxg2+ 27. Kxg2
g6 28. f5 gxf5 29. Kh3 f4 30. Re1 Kf7 31. Rg1 Ke6 32. Rg5 Rf7 33. Rh5 Kd7 34.
Rg5 Re6 35. Rg8 Rh6+ 36. Kg4 Rxh2 37. Ra8 Rg2+ 38. Kh3 Rg6 39. Ra7+ Ke6 40. Ra6
Kf5 41. Ra8 Ke4 42. Rf1 Rf5 43. Kh4 f3 44. Rf8 Rxf8 45. Bxf8 Ne3 46. Rf2 Nf5+
47. Kh5 Ke3 48. Rh2 f2 49. Rxf2 Kxf2 0-1

[Event "chess.com SpeedChess Q2Sw"]
[Site "chess.com INT"]
[Date "2022.11.12"]
[Round "6"]
[White "Janaszak, Dawid"]
[Black "Rustemov, Alexander"]
[Result "0-1"]
[WhiteTitle "FM"]
[BlackTitle "GM"]
[WhiteElo "2322"]
[BlackElo "2525"]
[WhiteFideId "1119206"]
[BlackFideId "4119002"]
[EventDate "2022.11.12"]

1. d4 g6 2. e4 Bg7 3. c3 d6 4. Nf3 Nf6 5. Bd3 O-O 6. O-O Bg4 7. Nbd2 Nfd7 8. h3
Bxf3 9. Nxf3 c5 10. d5 Na6 11. Re1 Nc7 12. Bf4 b5 13. Qd2 Rb8 14. Bh6 Ne5 15.
Be2 Nxf3+ 16. Bxf3 Ne8 17. Rad1 Nf6 18. Bxg7 Kxg7 19. e5 dxe5 20. Rxe5 Qd6 21.
Rde1 Rfe8 22. Qe2 Rb7 23. h4 h6 24. g3 c4 25. Qe3 Rd7 26. Rd1 Red8 27. Kg2 Qc7
28. Re1 Re8 29. Rd1 a6 30. Qf4 h5 31. Rd4 Rd6 32. Qe3 Qd7 33. b3 cxb3 34. axb3
Qc7 35. c4 bxc4 36. Rxc4 Qb6 37. Rc6 Qxe3 38. fxe3 Kf8 39. b4 Rb8 40. Rc7 Nd7
41. Re4 Rxd5 42. Rec4 Rd2+ 43. Kh3 Ne5 44. Rc8+ Rxc8 45. Rxc8+ Kg7 46. Be4 Ng4
47. Rc2 Rxc2 48. Bxc2 Nxe3 49. Bd3 Nd5 50. b5 a5 51. Be4 Nb6 52. Bc2 Kf6 53. g4
hxg4+ 54. Kxg4 Ke5 55. Kg5 a4 56. Kh6 Kf6 57. h5 gxh5 58. Kxh5 a3 59. Bb3 e6 60.
Kg4 Ke5 61. Kf3 Kd4 62. Ke2 Kc3 0-1

[Event "chess.com SpeedChess Q2Sw"]
[Site "chess.com INT"]
[Date "2022.11.12"]
[Round "6"]
[White "Samadov, Read"]
[Black "Mezhlumyan, Vahram"]
[Result "1-0"]
[WhiteTitle "FM"]
[BlackTitle "FM"]
[WhiteElo "2450"]
[BlackElo "2208"]
[WhiteFideId "13417444"]
[BlackFideId "13302183"]
[EventDate "2022.11.12"]

1. d4 d5 2. c4 e6 3. Nf3 Nf6 4. g3 c5 5. cxd5 exd5 6. Bg2 Nc6 7. Nc3 Be7 8. O-O
O-O 9. Bg5 cxd4 10. Nxd4 h6 11. Be3 Re8 12. Rc1 Bg4 13. h3 Be6 14. Qa4 Qd7 15.
Nxe6 fxe6 16. Rfd1 a6 17. Bb6 Rac8 18. e4 Ne5 19. Qxd7 Nexd7 20. Be3 dxe4 21.
Nxe4 b5 22. Nxf6+ Nxf6 23. Bb7 Rxc1 24. Rxc1 a5 25. Bc6 Rb8 26. Bf4 Rc8 27. Bxb5
Rxc1+ 28. Bxc1 Ne4 29. Kg2 Bc5 30. f3 Nd6 31. Bd3 Bd4 32. b3 Kf7 33. Bd2 Bb6 34.
f4 Nb7 35. Kf3 g6 36. g4 Nc5 37. Bc4 Nd7 38. Bc3 Ke7 39. h4 h5 40. Bd3 Kf7 41.
gxh5 gxh5 42. Kg3 Nf6 43. Be5 Ng4 44. Bd6 Bf2+ 45. Kh3 Bd4 46. Be2 Nf2+ 47. Kg2
Ne4 48. Bxh5+ Kf6 49. Bc7 Bc3 50. Kf3 Nc5 51. Be8 Nd3 52. h5 Ne1+ 53. Ke2 Ng2
54. h6 1-0

[Event "chess.com SpeedChess Q2Sw"]
[Site "chess.com INT"]
[Date "2022.11.12"]
[Round "6"]
[White "Mouhamad, Joachim"]
[Black "Grot, Blazej"]
[Result "1-0"]
[WhiteTitle "FM"]
[BlackTitle "CM"]
[WhiteElo "2266"]
[BlackElo "1839"]
[WhiteFideId "656410"]
[BlackFideId "21835845"]
[EventDate "2022.11.12"]

1. e4 c5 2. Nf3 e6 3. d4 cxd4 4. Nxd4 Nc6 5. Nc3 Qc7 6. Be3 a6 7. Qd2 Nf6 8.
O-O-O Bb4 9. f3 d5 10. Nb3 dxe4 11. a3 Bxc3 12. Qxc3 exf3 13. gxf3 Qe5 14. Qd2
Nd5 15. Bc5 Qf4 16. Rg1 Qxd2+ 17. Nxd2 g6 18. Ne4 Nde7 19. h4 h5 20. Ng5 Kf8 21.
a4 Kg7 22. b3 Nf5 23. Bf2 Nce7 24. Bh3 f6 25. Ne4 e5 26. Kb2 Be6 27. Nc5 Kf7 28.
f4 exf4 29. Nxe6 Kxe6 30. Rge1+ Kf7 31. Rd7 Rhe8 32. Bc5 Rad8 33. Bxf5 gxf5 34.
Rdxe7+ Rxe7 35. Rxe7+ Kg6 36. Re2 Rd5 37. Bf2 Re5 38. Rd2 Re4 39. c4 f3 40. Kc3
f4 41. b4 Kf5 42. c5 Kg4 43. b5 Rxa4 44. c6 bxc6 45. bxc6 Ra3+ 46. Kc4 Ra1 47.
Bc5 Rc1+ 48. Kd5 f2 49. Rxf2 Kg3 50. Rd2 f3 51. c7 Rxc5+ 52. Kxc5 f2 53. Rxf2
Kxf2 54. c8=Q Kg3 55. Qxa6 Kxh4 56. Qxf6+ Kg3 57. Qg5+ Kf2 58. Qxh5 Kg1 59. Qe2
Kh1 60. Kd4 Kg1 61. Ke4 Kh1 62. Kf3 Kg1 63. Qg2# 1-0

[Event "chess.com SpeedChess Q2Sw"]
[Site "chess.com INT"]
[Date "2022.11.12"]
[Round "6"]
[White "Shuvalova, Polina"]
[Black "Durarbayli, Vasif"]
[Result "0-1"]
[WhiteTitle "IM"]
[BlackTitle "GM"]
[WhiteElo "2492"]
[BlackElo "2612"]
[WhiteFideId "24171760"]
[BlackFideId "13402935"]
[EventDate "2022.11.12"]

1. d4 Nf6 2. Nf3 b6 3. Bf4 Bb7 4. e3 g6 5. Nbd2 Bg7 6. h3 O-O 7. Be2 d6 8. O-O
Nbd7 9. Bh2 Qe8 10. a4 a6 11. c4 a5 12. Nb1 e6 13. Nc3 Qe7 14. Qc2 h6 15. Rfe1
Rac8 16. Rad1 Rfe8 17. e4 Nh7 18. Bd3 Ng5 19. Nxg5 Qxg5 20. Bf1 e5 21. d5 Rf8
22. Qc1 Nc5 23. Qxg5 hxg5 24. Bg3 f5 25. f3 Rce8 26. Bf2 Bc8 27. g4 fxg4 28.
fxg4 Na6 29. Be3 Rf4 30. Bg2 Bd7 31. b3 Bf6 32. Ne2 Kg7 33. Nxf4 exf4 34. Bd4
Bxd4+ 35. Rxd4 Nc5 36. Rb1 Kf6 37. Kf2 Ke5 38. Rd2 Rf8 39. Re2 Nd3+ 40. Kf3 Kd4
41. Rd2 Kc3 42. Ke2 f3+ 43. Ke3 Ne5 44. Bf1 Kb4 45. Rf2 Bxg4 46. Rbb2 Bd7 47.
Kd4 g4 48. hxg4 Nxg4 49. Rfd2 Ne5 50. Rh2 g5 51. Rh7 g4 52. Rg7 Rh8 53. Ke3 Rh1
54. Bd3 Re1+ 55. Kd2 f2 0-1

[Event "chess.com SpeedChess Q2Sw"]
[Site "chess.com INT"]
[Date "2022.11.12"]
[Round "6"]
[White "Melkumyan, Hrant"]
[Black "Donchenko, Alexander"]
[Result "1-0"]
[WhiteTitle "GM"]
[BlackTitle "GM"]
[WhiteElo "2645"]
[BlackElo "2645"]
[WhiteFideId "13302485"]
[BlackFideId "24603295"]
[EventDate "2022.11.12"]

1. d4 Nf6 2. c4 e6 3. Bf4 Bb4+ 4. Nd2 b6 5. Nf3 Bb7 6. e3 O-O 7. Bd3 d6 8. O-O
Bxd2 9. Nxd2 e5 10. Bg5 h6 11. Bh4 Nbd7 12. d5 a5 13. f4 Qe8 14. Qf3 Rc8 15.
Rae1 c6 16. e4 Kh8 17. Kh1 Ba6 18. b3 exf4 19. Qxf4 Qe5 20. Qe3 cxd5 21. exd5
Qxe3 22. Rxe3 Rce8 23. Rfe1 Rxe3 24. Rxe3 Nc5 25. Bxf6 gxf6 26. Bf5 b5 27. cxb5
Bxb5 28. h3 Rb8 29. Nf3 Re8 30. Rxe8+ Bxe8 31. Nd4 Kg7 32. Kh2 Kf8 33. g4 Ke7
34. Kg3 Na6 35. Bd3 Nb4 36. Nf5+ Kf8 37. Bb1 Nxd5 38. Nxd6 Nc3 39. Bc2 Nxa2 40.
Nc4 Nb4 41. Bd1 Nc6 42. Bf3 f5 43. gxf5 Nd4 44. Nxa5 Nxf5+ 45. Kf4 Nd4 46. Bd5
Ke7 47. Bc4 Kd6 48. Ke4 Ne6 49. Kf5 Nd4+ 50. Kf6 Ne6 51. Bxe6 fxe6 52. Nb7+ Kd5
53. Nd8 e5 54. Ne6 e4 55. Nc7+ 1-0

[Event "chess.com SpeedChess Q2Sw"]
[Site "chess.com INT"]
[Date "2022.11.12"]
[Round "6"]
[White "Hakobyan, Aram"]
[Black "Kamsky, Gata"]
[Result "1-0"]
[WhiteTitle "GM"]
[BlackTitle "GM"]
[WhiteElo "2613"]
[BlackElo "2666"]
[WhiteFideId "13306677"]
[BlackFideId "2000024"]
[EventDate "2022.11.12"]

1. d4 f5 2. Bg5 g6 3. Nc3 Bg7 4. e3 Nh6 5. h4 Nf7 6. Bf4 d6 7. Nf3 h6 8. e4 e5
9. dxe5 dxe5 10. Qxd8+ Kxd8 11. O-O-O+ Nd7 12. Be3 f4 13. Bc5 c6 14. Bc4 Ke8 15.
Bxf7+ Kxf7 16. Bd6 Re8 17. a4 a5 18. Nd2 Nb6 19. Bc5 Nd7 20. Ba3 Nb6 21. Bc5 Nd7
22. Bd6 Nf6 23. Nc4 Ng4 24. Bc5 Bf8 25. Nd6+ Bxd6 26. Rxd6 Be6 27. Rhd1 g5 28.
hxg5 hxg5 29. Nb1 Nf6 30. Nd2 g4 31. f3 g3 32. b3 Rh8 33. Nc4 Bxc4 34. bxc4 Rh2
35. R6d2 Ke6 36. Kb2 Rb8 37. Bb6 Ra8 38. Bc7 Rc8 39. Bxa5 Ra8 40. Bc3 Re8 41. a5
Re7 42. Bb4 Rd7 43. Rxd7 Nxd7 44. Rd6+ Ke7 45. Rd2+ Kd8 46. Bd6 Ke8 47. Kc3 Kf7
48. Bc7 Ke6 49. Kb4 Rh1 50. Rd6+ Ke7 51. Rd2 Rb1+ 52. Kc3 Rf1 53. Kd3 Re1 54.
Kc3 Ra1 55. Bd6+ Ke6 56. Bb4 c5 57. Kb2 Rf1 58. Bc3 Nb8 59. Kb3 Nc6 60. Ka4 1-0

[Event "chess.com SpeedChess Q2Sw"]
[Site "chess.com INT"]
[Date "2022.11.12"]
[Round "6"]
[White "Vaibhav, Jayant Raut"]
[Black "Melian, Juan Sebastian"]
[Result "1-0"]
[WhiteTitle "CM"]
[BlackTitle "CM"]
[WhiteElo "2247"]
[BlackElo "2150"]
[WhiteFideId "5089034"]
[BlackFideId "3706575"]
[EventDate "2022.11.12"]

1. c4 Nf6 2. g3 e6 3. Bg2 d5 4. d4 Bb4+ 5. Bd2 a5 6. Nf3 O-O 7. O-O c5 8. dxc5
Bxc5 9. Nc3 d4 10. Na4 Be7 11. c5 Nc6 12. Rc1 e5 13. Nb6 Ra6 14. Nxc8 Qxc8 15.
Qb3 h6 16. Nh4 e4 17. Ng6 Re8 18. Nxe7+ Rxe7 19. Bf4 a4 20. Qc4 Qe6 21. Bd6 Re8
22. Qb5 Ra7 23. a3 Rd8 24. Qc4 Qf5 25. h3 h5 26. Rcd1 Ne8 27. Qc2 Nxd6 28. cxd6
Rxd6 29. Bxe4 Qe5 30. h4 g6 31. Rd2 Ra5 32. Bf3 Rc5 33. Qxa4 Rb5 34. Rfd1 d3 35.
Rxd3 Rxd3 36. Rxd3 Rxb2 37. Rb3 Rxb3 38. Qxb3 Nd4 39. Qxb7 Qc5 40. a4 Qc1+ 41.
Kg2 Qa3 42. Qa8+ Kg7 43. a5 Nxf3 44. exf3 Qa2 45. a6 g5 46. hxg5 h4 47. gxh4 Qa5
48. Qc6 Qb4 49. a7 Qxh4 50. Qc3+ Kh7 51. Qd3+ Kg7 52. Qf5 Qh8 53. Qf6+ 1-0

[Event "chess.com SpeedChess Q2Sw"]
[Site "chess.com INT"]
[Date "2022.11.12"]
[Round "6"]
[White "Darini, Pouria"]
[Black "Salman, Pavel"]
[Result "1-0"]
[WhiteTitle "GM"]
[BlackTitle "FM"]
[WhiteElo "2405"]
[BlackElo "2287"]
[WhiteFideId "12502200"]
[BlackFideId "24153753"]
[EventDate "2022.11.12"]

1. d4 Nf6 2. c4 c5 3. d5 b5 4. Qc2 bxc4 5. Nc3 g6 6. e4 d6 7. Nf3 Bg7 8. Nd2 O-O
9. Nxc4 Nbd7 10. Be2 Nb6 11. Ne3 Rb8 12. O-O h5 13. b3 Ng4 14. Nxg4 hxg4 15. Bb2
f5 16. exf5 Bxf5 17. Bd3 Qd7 18. Rae1 c4 19. Bxf5 gxf5 20. Qd2 Bf6 21. Re6 cxb3
22. axb3 Rf7 23. Rfe1 Rc8 24. Nd1 Bxb2 25. Nxb2 Rg7 26. Nd1 Rc5 27. Ne3 f4 28.
Nf5 Rxd5 29. Nh6+ Kh7 30. Qc2+ Kh8 31. Rg6 e5 32. Nxg4 Rc5 33. Rh6+ Kg8 34. Nf6+
Kf7 35. Qe2 Qf5 36. Ne4 Rc6 37. Nxd6+ Rxd6 38. Rxd6 Nd7 39. Qc4+ Ke7 40. Qd3
Qxd3 41. Rxd3 Ke6 42. Red1 Nc5 43. Rd6+ Kf5 44. b4 Ne4 45. Rd7 Rg6 46. Rxa7 f3
47. g3 Nc3 48. Rd3 Ne2+ 49. Kf1 e4 50. Rd5+ Kg4 51. h3+ Kxh3 52. Rh7+ Kg4 53.
Rh4# 1-0

[Event "chess.com SpeedChess Q2Sw"]
[Site "chess.com INT"]
[Date "2022.11.12"]
[Round "6"]
[White "Vemparala, Nikash"]
[Black "Ladan, Nicholas"]
[Result "0-1"]
[WhiteTitle "CM"]
[WhiteElo "1976"]
[BlackElo "2091"]
[WhiteFideId "30960967"]
[BlackFideId "30918855"]
[EventDate "2022.11.12"]

1. e4 e5 2. Nf3 Nc6 3. d4 exd4 4. Nxd4 Bc5 5. Nb3 Bb6 6. Qe2 Nge7 7. Nc3 O-O 8.
Be3 f5 9. exf5 Nxf5 10. Bxb6 axb6 11. O-O-O d6 12. g4 Nh4 13. h3 Kh8 14. Kb1 Ne5
15. Qd2 Nhf3 16. Qe3 Be6 17. Be2 Bxb3 18. axb3 Qb8 19. Na4 Qa7 20. Bd3 Qa5 21.
Qe4 Nxd3 22. Rxd3 b5 23. Rxf3 Rxf3 24. Qxf3 bxa4 25. bxa4 Qxa4 26. Qa3 Qxa3 27.
bxa3 Rxa3 28. Kb2 Rf3 29. Re1 Kg8 30. Re7 Rf7 31. Re8+ Rf8 32. Re7 c5 33. Rxb7
Rxf2 34. Rd7 Rd2 35. Kc3 Rd4 36. Kb3 h6 37. c3 Rd3 38. Kc4 Rd1 39. Kb5 Kh7 40.
Kc6 Rd3 41. c4 Rd4 42. Rxd6 Rxc4 43. Kd5 Rc3 44. Rc6 Rxh3 45. Rxc5 Re3 46. Rc4
Kg6 47. Kd4 Re7 48. Kd3 Kg5 49. Kd2 Kh4 50. Kd3 g5 51. Kd2 Re6 52. Kd3 Re1 53.
Kd2 Rg1 54. Rc6 Rxg4 55. Rxh6+ Kg3 56. Ke2 Rf4 57. Rg6 g4 58. Ke3 Rf8 59. Rg7
Kh3 60. Rh7+ Kg2 61. Ra7 g3 62. Ra2+ Kh1 63. Ra1+ Kh2 64. Ra7 g2 65. Rh7+ Kg1
66. Ke2 Rf5 67. Rh8 Re5+ 68. Kd1 Kf2 69. Rf8+ Kg3 70. Rg8+ Kf3 71. Rf8+ Kg4 72.
Rg8+ Rg5 0-1